Gaming Quiz

Random Gaming or Video Games Quiz

Wii Sports Quiz Stats

 Plays Quiz Updated Jan 30, 2019

     
Support Sporcle.
Go Orange.
Score 0/15 Timer 03:00
4 Plays Today
Game Sport % Correct
Wii SportsTennis
96%
Wii SportsBowling
93.3%
Wii SportsBaseball
88.7%
Wii SportsGolf
87.2%
Wii SportsBoxing
85.3%
Wii Sports Resort OnlyBasketball
56.9%
Wii Sports Resort OnlyTable Tennis
48.5%
Wii Sports Resort OnlySwordplay
47.5%
Game Sport % Correct
Wii Sports Resort OnlyArchery
42.4%
Wii Sports Resort OnlyFrisbee
38.4%
Wii Sports Resort OnlyAir Sports
35.7%
Wii Sports Resort OnlyCycling
32.5%
Wii Sports Resort OnlyWakeboarding
32.3%
Wii Sports Resort OnlyCanoeing
22.8%
Wii Sports Resort OnlyPower Cruising
16.4%

From the Vault

Spanish: Yo Irregulars

by Grapefruit

Let's see how YO do.
Remove Ads.
Support Sporcle.
Get the best of Sporcle when you Go Orange. This ad-free experience offers more features, more stats, and more fun while also helping to support Sporcle. Thank you for becoming a member.

Show Comments

Extras

Top Quizzes Today


Score Distribution

Your Account Isn't Verified!

In order to create a playlist on Sporcle, you need to verify the email address you used during registration. Go to your Sporcle Settings to finish the process.

Report this User

Report this user for behavior that violates our Community Guidelines.

Details: